000 00566nam a22002057a 4500
999 _c35750
_d35750
003 OSt
005 20220707151637.0
008 220707b ||||| |||| 00| 0 spa d
020 _a978-987-699-599-3
040 _cBiblioteca Ernesto Sábato
092 _a305.552
_bL981
_eBDGR
100 _aLvovich, Daniel
245 _aJosé Sazbón. Una antología comentada de su obra
260 _aVilla María
_c2020
300 _a426 p.
440 _aPensar las ciencias sociales
_n ; 1
650 _aSAZBON, JOSE-OBRA
700 _aPérez, Alberto
942 _2ddc
_cBDGR